| 000 | 00497nam a2200181Ia 4500 | ||
|---|---|---|---|
| 001 | 8528 | ||
| 005 | 20260306160616.0 | ||
| 008 | 260306t2014||||xx |||||||||||||| ||spa|| | ||
| 041 | _aESP | ||
| 082 |
_a371.102 _bG79 |
||
| 100 |
_aGreer, R. Douglas _eAUT |
||
| 245 | 0 |
_aDiseño de estrategias de enseñanza: _bun enfoque de los sistemas del análisis aplicado de la conducta |
|
| 260 | _c2014 | ||
| 300 |
_a442 páginas : _c24 cm. |
||
| 650 | _aGEN | ||
| 654 | _aCED | ||
| 942 |
_cLIB _dJUS _fJUS _2ddc _n |
||
| 999 |
_c8528 _d8528 |
||